000
00289nam a22001337a 4500
008
170927b xxu||||| |||| 00| 0 eng d
020
_a
05660024226
041
_a
eng
080
_a
37
100
_a
46
101
_a
EDU
245
_a
THE EFFECTIVE UNIVERSITY
_c
NORRIS,G
942
_2
udc
_c
BK
999
_c
30183
_d
30183